Football Teams João Félix Played For - Statistics

General Stats
  • This quiz has been taken 150 times
  • The average score is 5 of 5
Answer Stats
League Years Team % Correct
Spain 2023- FC Barcelona
98%
England 2023 Chelsea FC
97%
Spain 2019-2023 Atlético de Madrid
92%
Portugal 2018-2019 SL Benfica
89%
Portugal 2017-2018 SL Benfica B
83%
No matching quizzes found
Score Distribution
Percent of People with Each Score
Percentile by Number Answered
Your Score History
You have not taken this quiz